Quantitative and Qualitative Online Data Collection – Its Advantages and Limitations

Riziká online zberania dát a jeho výhody: neustále internetové pripojenie, technické limity na strane dodávateľov, riziko návratnosti online dotazníkov. Kvantitatívne metódy zbierania dát online: Online dotazník (faktory vplyvu na respondenta), online panely. Kvalitatívne metódy: online fórum, blogy...

Full description

Saved in:
Bibliographic Details
Main Author: Sitášová, Jana
Format: Book Chapter
Language:English
Subjects:
Tags: Add Tag
No Tags, Be the first to tag this record!

MARC

LEADER 00000naa$a2200000$$$4500
001 0196130
005 20240502073316.0
041 0 |a eng 
044 |a SK 
245 1 0 |a Quantitative and Qualitative Online Data Collection – Its Advantages and Limitations  |c Jana Sitášová 
520 |a Riziká online zberania dát a jeho výhody: neustále internetové pripojenie, technické limity na strane dodávateľov, riziko návratnosti online dotazníkov. Kvantitatívne metódy zbierania dát online: Online dotazník (faktory vplyvu na respondenta), online panely. Kvalitatívne metódy: online fórum, blogy a webkamery. 
610 2 0 |a zber dát 
610 2 0 |a uchovávanie dát 
610 2 0 |a metódy výskumu 
610 2 0 |a techniky výskumné 
610 2 0 |a kvalita 
610 2 0 |a ukazovatele kvalitatívne 
610 2 0 |a metódy kvantitatívne 
610 2 0 |a ukazovatele kvantitatívne 
100 1 |a Sitášová, Jana